000 00605nam a2200229Ia 4500
003 OSt
005 20220924152730.0
006 a|||||r|||| 00| 0
007 ta
008 220923b |||||||| |||| 00| 0 guj d
024 _a344243
037 _cTextual
040 _aARTS
_cARTS
_bguj
041 _2guj
_aguj
082 _aO152,3M89w, 156N0
100 _aPatel Pramodkumar Au.
_9227366
245 0 _aJaishankar prasad
260 _c1990
650 _aHINDI LITERATURE
_923866
942 _hO152,3M89w, 156N0
_cTEXL
_2CC
999 _c470855
_d470855